|
|
|
|
| LEADER |
00554nam a22001577a 4500 |
| 008 |
170105b xxu||||| |||| 00| 0 eng d |
| 020 |
|
|
|a 8171812643
|c INR
|
| 082 |
|
|
|a 398.2
|
| 245 |
|
|
|a Folk tales of Italy /
|c compiled by Jagmohan Chopra,
|
| 260 |
|
|
|a New Delhi :
|b Learners press,
|c c1995.
|
| 300 |
|
|
|a 128 p.;
|
| 650 |
|
|
|v Tales
|x Folklore
|y Italy
|
| 700 |
|
|
|a Chopra, Jagmohan
|
| 942 |
|
|
|c BK
|
| 999 |
|
|
|c 287277
|d 287277
|
| 952 |
|
|
|0 0
|1 0
|4 0
|6 398_200000000000000_ITA
|7 0
|9 326115
|a FLK
|b FLK
|c ST1
|d 2017-01-05
|e BK
|g 35.00
|i 177
|l 0
|o 398.2 ITA
|p FLK177
|r 2017-01-05
|w 2017-01-05
|y BK
|